| 000 | 00442nam a2200181Ia 4500 | ||
|---|---|---|---|
| 005 | 20240628105448.0 | ||
| 008 | 240126s9999 xx 000 0 und d | ||
| 020 | _a9780070700710 | ||
| 082 | _a330 SAM;2 R | ||
| 100 | _aSamuelson, Paul A. Nordhaus, William D. | ||
| 245 | 0 | _aEconomics | |
| 250 | _a18th ed. | ||
| 260 |
_bTata McGraw-Hill _aNew Delhi |
||
| 300 | _axxiv, 776 | ||
| 440 | _aNULL | ||
| 650 | _aEconomics | ||
| 942 | _cPU | ||
| 999 |
_c276026 _d276026 |
||